Survey of London volume seven (Record no. 104051)

MARC details
000 -LEADER
fixed length control field 00897cam a2200229 4500
001 - CONTROL NUMBER
control field J128963
008 - FIXED-LENGTH DATA ELEMENTS--GENERAL INFORMATION
fixed length control field 050307n1921 000 0 eng u
035 ## - SYSTEM CONTROL NUMBER
System control number (Sirsi) u128963
041 ## - LANGUAGE CODE
Language code of text/sound track or separate title eng
050 ## - LIBRARY OF CONGRESS CALL NUMBER
Classification number 720
-- 18
100 ## - MAIN ENTRY--PERSONAL NAME
Personal name Godfrey, Walter H.
245 ## - TITLE STATEMENT
Title Survey of London volume seven
Remainder of title the parish of Chelsea (part three)
260 ## - PUBLICATION, DISTRIBUTION, ETC.
Place of publication, distribution, etc. London
Name of publisher, distributor, etc. Batsford
Date of publication, distribution, etc. 1921
300 ## - PHYSICAL DESCRIPTION
Extent xv, 91p.
Other physical details ill.
Dimensions 30cm.
490 ## - SERIES STATEMENT
Series statement Survey of London Main Series
Volume/sequential designation 7
520 ## - SUMMARY, ETC.
Summary, etc. This volume of the "Survey of London", English Heritage's detailed architectural and topographical study, describes Chelsea Old Church. Includes photographs and maps together with plans, sections and elevations of selected buildings.
590 ## - LOCAL NOTE (RLIN)
Local note SOL
690 ## - LOCAL SUBJECT ADDED ENTRY--TOPICAL TERM (OCLC, RLIN)
Topical term or geographic name as entry element BUILT ENVIRONMENT-CONSTRUCTION DESIGN
700 ## - ADDED ENTRY--PERSONAL NAME
Personal name Bird, James
Titles and other words associated with a name Sir
Dates associated with a name 1863-1925
International Standard Serial Number General Editor
700 ## - ADDED ENTRY--PERSONAL NAME
Personal name Norman, Philip
International Standard Serial Number General Editor
942 ## - ADDED ENTRY ELEMENTS (KOHA)
Suppress in OPAC 0
Holdings
Withdrawn status Lost status Source of classification or shelving scheme Damaged status Not for loan Home library Current library Shelving location Date acquired Total Checkouts Full call number Barcode Date last seen Copy number Price effective from Koha item type
    Dewey Decimal Classification     London London Basement 07/03/2005   SHELF 135 30062549 06/08/2019 1 06/08/2019 Reference material